Hexen Hammers /

The Hexen Hammers follows witch hunters in the late 17th century, commissioned to eliminate the dark spawn prowling the New World. Close to disbanding, the team agrees to one last assignment in the sleepy town of Gossamer Lake. But as the lines between corrupt politicians and deadly supernatural hor...

Full description

Bibliographic Details
Corporate Author: Library Pass, LLC
Other Authors: Fisher, Ben (writer.)
Format: eBook
Language:English
Published: [United States] : Arcana, 2012.
Subjects:
Online Access:Connect to this electronic book (First time users create your free account)

MARC

Tag First Indicator Second Indicator Subfields
LEADER 00000nmm a22000001a 4500
001 in00004630213
006 m|||||o||m||||||||
007 cr|cn |||uuuuu
008 221118s2012 xxu||||do|||| ||||||eng d
005 20221207222255.6
035 |a (TxWaIVM)IV9961ArHe 
040 |a TxWaIVM  |c TxWaIVM 
245 0 0 |a Hexen Hammers /  |c powered by Library Pass. 
260 3 |a [United States] :  |b Arcana,  |c 2012. 
300 |a 1 online resource. 
336 |a text  |b txt  |2 rdacontent 
337 |a computer  |b c  |2 rdamedia 
338 |a online resource  |b cr  |2 rdacarrier 
520 |a The Hexen Hammers follows witch hunters in the late 17th century, commissioned to eliminate the dark spawn prowling the New World. Close to disbanding, the team agrees to one last assignment in the sleepy town of Gossamer Lake. But as the lines between corrupt politicians and deadly supernatural horrors begin to blur, the Hammers find themselves facing an ancient evil far more powerful than anyone could have imagined. 
521 |a 2 
538 |a Requires a valid library card and registration for new users. 
538 |a Mode of access: World Wide Web. 
538 |a System requirements: Flash 10.1 or higher, Windows XP and higher, Internet Explorer 7 and higher, Firefox 3.6 and higher, Google Chrome; Max OS 10.5 and higher, Safari 4 and higher. 
650 0 |a Fantasy comic books, strips, etc. 
655 7 |a Electronic books.  |2 local 
655 7 |a Fantasy comic books, strips, etc.  |2 gsafd 
650 0 |a Horror comic books, strips, etc. 
655 7 |a Horror comic books, strips, etc.  |2 gsafd 
700 1 |a Fisher, Ben.  |e writer. 
700 1 |a Henderson, Mike.  |e artist. 
710 2 |a Library Pass, LLC. 
856 4 0 |u http://proxy.library.tamu.edu/login?url=https://tamu.librarypass.com/product/com.iversecomics.arcana.hexen.hammers.01232012  |z Connect to this electronic book (First time users create your free account)  |t 0 
955 |a Comics Plus. 
999 f f |s a14a54be-446e-4711-95fe-17c81dcd25e6  |i 703e2efd-26c5-4d0f-af4b-dab58922dfae  |t 0 
952 f f |a Texas A&M University  |b College Station  |c Electronic Resources  |d Available Online  |t 0  |h Library of Congress classification 
998 f f |t 0  |l Available Online